Behaviorálna teória sociálnej štruktúry

Bibliographic Details
Main Author: Turner, Jonathan H. (Author)
Format: Article
Language:Slovak
PhysicalDescription:Sch. 1., lit. 50 zázn. v angl., nem.
Subjects:

MARC

LEADER 00000nab a2200000 a 4500
001 vtls000429104
003 SK-MaSNL
005 20260304080009.0
008 250424c1991 xo 0 slo
015 |a SNBRB19rr/mm-uuuuu 
035 |a CL0429232 
035 |a urn:nbn:sk:snk-ab28iv 
035 |a (urnnbn)urn:nbn:sk:snk:ar-a01y8k 
035 |a (uuid)53ddfe6f-b9cf-4c2a-8477-2916ddde8830 
040 |a SNKBUCL  |b slo  |c SNKBUCL  |e AACR2 
041 0 |a slo 
044 |a xo  |c SK 
080 |a 301:001  |2 1981 
080 |a 001  |2 1981 
100 1 |a Turner, Jonathan H.  |4 aut  |9 1366932 
245 1 0 |a Behaviorálna teória sociálnej štruktúry  |c Jonathan H. Turner 
300 |b Sch. 1., lit. 50 zázn. v angl., nem. 
650 0 7 |a sociológia  |2 snkbucl  |9 1010 
655 7 |a články z novín a časopisov  |2 snkbucl  |9 267496 
773 0 |t Sociológia  |g Roč. 23, č. 4 (1991), s. 281-299 
850 |a Slovenská národná knižnica 
852 |a Slovenská národná knižnica 
954 |a odborná, vedecká literatúra pôvodná (slovenská)  |2 lita 
958 |a article27 
958 |a NB 
958 |a RK 
958 |a OND 
958 |a EUIPO 
992 |a RBX 
999 |c 2784313  |d 2786243